[Event "HUN-chT 2324"]
[Site "Hungary"]
[Date "2024.02.18"]
[Round "4.4"]
[White "Kovacevic, Aleksandar"]
[Black "Bogdan, Dan"]
[Result "1-0"]
[WhiteElo "2445"]
[BlackElo "2341"]
[PlyCount "59"]
[EventDate "2023.10.28"]
[EventType "team-tourn"]
[EventRounds "9"]
[EventCountry "HUN"]
[SourceTitle "CBM 219 Extra"]
[Source "ChessBase"]
[SourceDate "2024.05.31"]
[SourceVersion "1"]
[SourceVersionDate "2024.05.31"]
[SourceQuality "1"]
[WhiteTeam "Mako Duocor"]
[BlackTeam "Kekes"]
[WhiteTeamCountry "HUN"]
[BlackTeamCountry "HUN"]

1. e4 c5 2. Nf3 g6 3. d4 cxd4 4. Nxd4 Nc6 5. c4 Nf6 6. Nc3 d6 7. Nc2 Bg7 8. Be2 0-0 9. 0-0 a5 10. Be3 Nd7 11. Qd2 Nc5 12. Bh6 Bxh6 13. Qxh6 Qb6 14. b3 Be6 15. Kh1 Rfc8 16. f4 Nb4 17. Ne1 f5 18. Nf3 Kh8 19. exf5 gxf5 20. Ng5 Bg8 21. Bh5 Qd8 22. Bg6 Qf8 23. Nf7+ Qxf7 24. Bxf7 Bxf7 25. Rae1 e6 26. Qf6+ Kg8 27. Re3 Rc7 28. Rd1 Rd7 29. Rg3+ Bg6 30. h4 1-0

[Event "HUN-chT1 Maroczy 2223"]
[Site "Hungary"]
[Date "2022.12.04"]
[Round "2.5"]
[White "Bogdan, Dan"]
[Black "Juhasz, Bela"]
[Result "1-0"]
[WhiteElo "2338"]
[BlackElo "2093"]
[PlyCount "51"]
[EventDate "2022.11.20"]
[EventType "team-tourn"]
[EventRounds "9"]
[EventCountry "HUN"]
[SourceTitle "EXT 2025"]
[Source "ChessBase"]
[SourceDate "2024.10.14"]
[SourceVersion "1"]
[SourceVersionDate "2024.10.14"]
[SourceQuality "1"]
[WhiteTeam "Kekes"]
[BlackTeam "Edelenyi VSE"]
[WhiteTeamCountry "HUN"]
[BlackTeamCountry "HUN"]

1. c4 c5 2. g3 Nf6 3. Bg2 g6 4. Nc3 Nc6 5. Nf3 Bg7 6. 0-0 0-0 7. d4 cxd4 8. Nxd4 Nxd4 9. Qxd4 d6 10. Qd3 Bf5 11. e4 Be6 12. Bd2 Rc8 13. b3 a6 14. Rac1 Re8 15. h3 Nd7 16. Rfd1 Nc5 17. Qe2 Qb6 18. Kh2 a5 19. Be3 Qb4 20. Nb5 Nd7 21. Bd2 Qc5 22. Bxa5 Ra8 23. Be1 Nf6 24. f4 Bc8 25. Bf2 Qb4 26. Nc7 1-0

[Event "ROM-chT"]
[Site "Mamaia"]
[Date "2021.10.04"]
[Round "3.3"]
[White "Miron, Lucian Costin"]
[Black "Bogdan, Dan"]
[Result "1-0"]
[WhiteElo "2512"]
[BlackElo "2347"]
[PlyCount "81"]
[EventDate "2021.10.02"]
[EventType "team-tourn"]
[EventRounds "11"]
[EventCountry "ROU"]
[SourceTitle "CBM 204 Extra"]
[Source "ChessBase"]
[SourceDate "2021.11.30"]
[SourceVersion "1"]
[SourceVersionDate "2021.11.30"]
[SourceQuality "1"]
[WhiteTeam "Timisoara Vest Univ"]
[BlackTeam "Baia Mare Municipiului"]
[WhiteTeamCountry "ROU"]
[BlackTeamCountry "ROU"]

1. e4 c5 2. Nf3 d6 3. d4 cxd4 4. Nxd4 Nf6 5. Nc3 a6 6. Bg5 Nbd7 7. Qe2 h6 8. Bh4 e5 9. Nf5 g6 10. Ne3 Be7 11. a4 b6 12. f3 Bb7 13. Bf2 Rc8 14. Qd2 Rc6 15. Bc4 Qc8 16. Ba2 Kf8 17. 0-0 Kg7 18. Rfd1 Rd8 19. Qe2 Rxc3 20. bxc3 Nc5 21. Qc4 Rf8 22. Rab1 Nfd7 23. Nd5 Bd8 24. Bxc5 dxc5 25. Qd3 Bc6 26. Bc4 Bxa4 27. Bxa6 Qc6 28. Bb5 Bxb5 29. Qxb5 Qe6 30. Ra1 Nf6 31. Ra7 h5 32. Ne3 h4 33. Nc4 Be7 34. Rb7 Rd8 35. Rxd8 Bxd8 36. Ne3 Qa2 37. Qb3 Qa1+ 38. Nf1 c4 39. Qxc4 Qa3 40. Rxf7+ Kh6 41. Qb4 1-0

[Event "Tasnad Orasului Cup"]
[Site "Tasnad"]
[Date "2021.09.09"]
[Round "1"]
[White "Lang, Gustav"]
[Black "Bogdan, Dan"]
[Result "0-1"]
[WhiteElo "1886"]
[BlackElo "2347"]
[PlyCount "66"]
[EventDate "2021.09.09"]
[EventType "swiss"]
[EventRounds "7"]
[EventCountry "ROU"]
[SourceTitle "CBM 204 Extra"]
[Source "ChessBase"]
[SourceDate "2021.11.30"]
[SourceVersion "1"]
[SourceVersionDate "2021.11.30"]
[SourceQuality "1"]

1. e4 c5 2. Nf3 g6 3. Nc3 Bg7 4. Be2 Nc6 5. 0-0 a6 6. d3 e6 7. Re1 Nge7 8. Be3 Nd4 9. Bf1 0-0 10. Bxd4 cxd4 11. Ne2 Nc6 12. Nd2 d5 13. exd5 Qxd5 14. g3 Qd8 15. Bg2 e5 16. f4 Bg4 17. Bf3 h5 18. Bxg4 hxg4 19. Nc4 exf4 20. Nxf4 b5 21. Nd2 Ne5 22. a4 Rc8 23. axb5 axb5 24. b3 Rc7 25. Ra2 Re8 26. Kf2 Bh6 27. Kg2 Rce7 28. Ne4 Kg7 29. Nf2 Qc8 30. Re4 Qc6 31. Kf1 f5 32. Rxd4 Nf3 33. Rb4 Re1+ 0-1

[Event "Satu Mare Foisor rapid 3rd"]
[Site "Satu Mare"]
[Date "2020.01.19"]
[Round "10"]
[White "Bogdan, Dan"]
[Black "Lupulescu, Constantin"]
[Result "1/2-1/2"]
[WhiteElo "2368"]
[BlackElo "2649"]
[PlyCount "37"]
[EventDate "2020.01.18"]
[EventType "swiss (rapid)"]
[EventRounds "10"]
[EventCountry "ROU"]
[SourceTitle "CBM 194 Extra"]
[Source "ChessBase"]
[SourceDate "2020.03.31"]
[SourceVersion "1"]
[SourceVersionDate "2020.03.31"]
[SourceQuality "1"]

1. c4 e6 2. Nf3 d5 3. b3 d4 4. g3 c5 5. Bg2 Nc6 6. 0-0 Bd6 7. e3 Nf6 8. exd4 cxd4 9. d3 h6 10. Re1 0-0 11. Ba3 e5 12. Bxd6 Qxd6 13. b4 Re8 14. b5 Nb8 15. Nbd2 Nbd7 16. Nb3 Rb8 17. a4 Nc5 18. Nxc5 Qxc5 19. Ra2 1/2-1/2

[Event "Satu Mare Foisor blitz 3rd"]
[Site "Satu Mare"]
[Date "2020.01.19"]
[Round "7"]
[White "Miron, Lucian Costin"]
[Black "Bogdan, Dan"]
[Result "0-1"]
[WhiteElo "2508"]
[BlackElo "2368"]
[PlyCount "89"]
[EventDate "2020.01.19"]
[EventType "swiss (blitz)"]
[EventRounds "9"]
[EventCountry "ROU"]
[SourceTitle "CBM 194 Extra"]
[Source "ChessBase"]
[SourceDate "2020.03.31"]
[SourceVersion "1"]
[SourceVersionDate "2020.03.31"]
[SourceQuality "1"]

1. d4 g6 2. c4 Bg7 3. Nc3 d6 4. Nf3 Nf6 5. e4 0-0 6. Be2 Nbd7 7. 0-0 e5 8. Be3 Ng4 9. Bg5 f6 10. Bh4 Nh6 11. Re1 Nf7 12. Rb1 a5 13. b3 exd4 14. Nxd4 Nc5 15. Bf1 Bd7 16. a3 Re8 17. f3 c6 18. b4 axb4 19. axb4 Ne6 20. Bf2 Nxd4 21. Bxd4 f5 22. Bxg7 Kxg7 23. c5 Qf6 24. Qc1 Qd4+ 25. Kh1 fxe4 26. Nxe4 d5 27. Ng3 Rxe1 28. Qxe1 Re8 29. Qd1 Qxd1 30. Rxd1 Ra8 31. Kg1 Ra2 32. Bd3 Ne5 33. Bf1 Rb2 34. Rd4 h5 35. h3 Nf7 36. f4 Nd8 37. Ne2 Ne6 38. Rd1 Rxb4 39. Rc1 Nxf4 40. Nxf4 Rxf4 41. Rb1 Bc8 42. Ra1 Rb4 43. Ra8 Bf5 44. Be2 Rb2 45. Ra1 0-1

[Event "Satu Mare Szabo Memorial"]
[Site "Satu Mare"]
[Date "2019.08.08"]
[Round "9"]
[White "Bogdan, Dan"]
[Black "Persanyi, Barnabas"]
[Result "1-0"]
[WhiteElo "2370"]
[BlackElo "2399"]
[PlyCount "63"]
[EventDate "2019.08.02"]
[EventType "swiss"]
[EventRounds "9"]
[EventCountry "ROU"]
[SourceTitle "CBM 191 Extra"]
[Source "ChessBase"]
[SourceDate "2019.09.30"]
[SourceVersion "1"]
[SourceVersionDate "2019.09.30"]
[SourceQuality "1"]

1. e4 e5 2. Nf3 Nc6 3. Bc4 Bc5 4. 0-0 Nf6 5. d3 0-0 6. c3 d6 7. a4 a5 8. h3 h6 9. Be3 Bxe3 10. fxe3 d5 11. exd5 Nxd5 12. Qe2 Be6 13. Nbd2 Qe7 14. d4 Rad8 15. Rae1 Nb6 16. Bb5 exd4 17. exd4 Na7 18. Bd3 Nc6 19. Qe4 g6 20. Bb5 Qd6 21. Qh4 Kg7 22. Ne4 Qe7 23. Qxe7 Nxe7 24. Nc5 c6 25. Bd3 Nf5 26. Rxe6 fxe6 27. Nxe6+ Kf6 28. Nxd8 Rxd8 29. Ne5 c5 30. Nxg6 Kxg6 31. Rxf5 c4 32. Bc2 1-0

[Event "Satu Mare Szabo Memorial"]
[Site "Satu Mare"]
[Date "2019.08.06"]
[Round "7"]
[White "Bogdan, Dan"]
[Black "Voinescu, David Ioan"]
[Result "1-0"]
[WhiteElo "2370"]
[BlackElo "2100"]
[PlyCount "71"]
[EventDate "2019.08.02"]
[EventType "swiss"]
[EventRounds "9"]
[EventCountry "ROU"]
[SourceTitle "EXT 2021"]
[Source "ChessBase"]
[SourceDate "2020.10.23"]
[SourceVersion "1"]
[SourceVersionDate "2020.10.23"]
[SourceQuality "1"]

1. Nf3 d5 2. c4 d4 3. e3 dxe3 4. fxe3 Nf6 5. d4 e6 6. Nc3 c5 7. d5 Bd6 8. e4 e5 9. Be2 0-0 10. 0-0 Ne8 11. Nb5 Qe7 12. Be3 b6 13. Nd2 f5 14. exf5 Bxf5 15. Qb3 Nd7 16. Nxd6 Nxd6 17. Rae1 e4 18. Bf4 g5 19. Qg3 Nf7 20. Bh5 Kh8 21. Be3 Qe5 22. Rxf5 Qxf5 23. Bg4 Qe5 24. Bxd7 Qxg3 25. hxg3 Ne5 26. Be6 Nd3 27. Rb1 Ne5 28. b3 h6 29. Nxe4 Kg7 30. Bd2 Kg6 31. Bc3 Nf7 32. g4 h5 33. gxh5+ Kxh5 34. g4+ Kh4 35. Kg2 Nh6 36. Rh1# 1-0

[Event "Satu Mare Szabo Memorial"]
[Site "Satu Mare"]
[Date "2019.08.04"]
[Round "4"]
[White "Kanyadi, Zoltan"]
[Black "Bogdan, Dan"]
[Result "1-0"]
[WhiteElo "2100"]
[BlackElo "2370"]
[PlyCount "50"]
[EventDate "2019.08.02"]
[EventType "swiss"]
[EventRounds "9"]
[EventCountry "ROU"]
[SourceTitle "CBM 191 Extra"]
[Source "ChessBase"]
[SourceDate "2019.09.30"]
[SourceVersion "1"]
[SourceVersionDate "2019.09.30"]
[SourceQuality "1"]

1. Nf3 c5 2. g3 g6 3. Bg2 Bg7 4. 0-0 Nc6 5. d3 e5 6. e4 Nge7 7. Nbd2 0-0 8. c3 d5 9. Re1 d4 10. c4 h6 11. h3 Be6 12. a3 Qd7 13. Kh2 a5 14. b3 Rae8 15. Rb1 f5 16. exf5 gxf5 17. Nh4 Qd6 18. Kg1 Bf7 19. Nf1 Qf6 20. f4 Ng6 21. Nxg6 Qxg6 22. Qf3 e4 23. dxe4 fxe4 24. Rxe4 Rxe4 25. Qxe4 Re8 1-0

[Event "Satu Mare Szabo Memorial"]
[Site "Satu Mare"]
[Date "2019.08.02"]
[Round "1"]
[White "Bogdan, Dan"]
[Black "Turcsanyi, Vince Gergo"]
[Result "1-0"]
[WhiteElo "2370"]
[BlackElo "1878"]
[PlyCount "73"]
[EventDate "2019.08.02"]
[EventType "swiss"]
[EventRounds "9"]
[EventCountry "ROU"]
[SourceTitle "CBM 191 Extra"]
[Source "ChessBase"]
[SourceDate "2019.09.30"]
[SourceVersion "1"]
[SourceVersionDate "2019.09.30"]
[SourceQuality "1"]

1. d4 Nf6 2. Nf3 c5 3. dxc5 e6 4. g3 Bxc5 5. Bg2 0-0 6. 0-0 d5 7. c4 dxc4 8. Qc2 Nc6 9. Qxc4 Qe7 10. Bg5 Bb6 11. Nc3 h6 12. Bf4 e5 13. Bc1 e4 14. Ne1 Be6 15. Qa4 Bf5 16. Nc2 Bd7 17. Ne3 Ne5 18. Qd1 Bxe3 19. Bxe3 Neg4 20. Bd4 e3 21. f3 Nf2 22. Bxf6 gxf6 23. Nd5 Qe5 24. f4 Qe6 25. Qd4 Kg7 26. Nxe3 Nh3+ 27. Bxh3 Qxh3 28. f5 Bc6 29. Rf4 Rad8 30. Rg4+ Kh7 31. Qxf6 Rg8 32. Qxf7+ Kh8 33. Qf6+ Kh7 34. Qe7+ Kh8 35. Rh4 Rxg3+ 36. hxg3 Qxg3+ 37. Kf1 1-0

[Event "Arad op 12th"]
[Site "Arad"]
[Date "2019.07.29"]
[Round "7"]
[White "Nicora, Cristi"]
[Black "Bogdan, Dan"]
[Result "0-1"]
[WhiteElo "2102"]
[BlackElo "2370"]
[PlyCount "52"]
[EventDate "2019.07.24"]
[EventType "swiss"]
[EventRounds "9"]
[EventCountry "ROU"]
[SourceTitle "CBM 191 Extra"]
[Source "ChessBase"]
[SourceDate "2019.09.30"]
[SourceVersion "1"]
[SourceVersionDate "2019.09.30"]
[SourceQuality "1"]

1. e4 c5 2. Nf3 d6 3. d4 cxd4 4. Nxd4 Nf6 5. Nc3 Nbd7 6. Bc4 g6 7. Be3 a6 8. 0-0 Bg7 9. f3 b5 10. Bb3 Bb7 11. Qd2 0-0 12. Rad1 Nc5 13. Rfe1 Rc8 14. Qf2 Nxb3 15. Nxb3 Nd7 16. Bd4 Ne5 17. Nd5 f5 18. Bb6 Qd7 19. exf5 Rxf5 20. f4 Bxd5 21. Rxd5 Ng4 22. Qf3 Qc6 23. Rd2 Qxb6+ 24. Kh1 Ne5 25. Qe4 Rcf8 26. g3 Nc4 0-1

[Event "HUN-chT2 Maroczy 1819"]
[Site "Hungary"]
[Date "2019.03.10"]
[Round "9.3"]
[White "Bogdan, Dan"]
[Black "Lorand, Norbert"]
[Result "1-0"]
[WhiteElo "2366"]
[BlackElo "2276"]
[PlyCount "53"]
[EventDate "2018.09.23"]
[EventType "team-tourn"]
[EventRounds "11"]
[EventCountry "HUN"]
[SourceTitle "EXT 2020"]
[Source "ChessBase"]
[SourceDate "2019.10.17"]
[SourceVersion "1"]
[SourceVersionDate "2019.10.17"]
[SourceQuality "1"]
[WhiteTeam "Kisujszallas"]
[BlackTeam "Dunaharaszti II"]
[WhiteTeamCountry "HUN"]
[BlackTeamCountry "HUN"]

1. c4 Nf6 2. g3 e6 3. Bg2 d5 4. Nf3 dxc4 5. 0-0 Nbd7 6. Qa4 c5 7. Qxc4 a6 8. Qc2 Bd6 9. a4 Rb8 10. d4 Qe7 11. Rd1 0-0 12. Nc3 b6 13. d5 Ne5 14. Ng5 h6 15. Nge4 exd5 16. Nxf6+ Qxf6 17. Nxd5 Qe6 18. b3 Bb7 19. Bb2 Bxd5 20. Bxd5 Qe7 21. Qc3 b5 22. axb5 axb5 23. Ra6 b4 24. Qe3 Ng4 25. Qf3 Be5 26. Qxg4 Bxb2 27. Rxh6 1-0

[Event "HUN-chT2 Maroczy 1819"]
[Site "Hungary"]
[Date "2019.02.10"]
[Round "7.4"]
[White "Jacso, Adam"]
[Black "Bogdan, Dan"]
[Result "1/2-1/2"]
[WhiteElo "2231"]
[BlackElo "2366"]
[PlyCount "38"]
[EventDate "2018.09.23"]
[EventType "team-tourn"]
[EventRounds "11"]
[EventCountry "HUN"]
[SourceTitle "EXT 2020"]
[Source "ChessBase"]
[SourceDate "2019.10.17"]
[SourceVersion "1"]
[SourceVersionDate "2019.10.17"]
[SourceQuality "1"]
[WhiteTeam "Budapest Vasas"]
[BlackTeam "Kisujszallas"]
[WhiteTeamCountry "HUN"]
[BlackTeamCountry "HUN"]

1. d4 Nf6 2. c4 g6 3. Nc3 Bg7 4. e4 d6 5. Nf3 0-0 6. Be2 Nbd7 7. 0-0 e5 8. Be3 a5 9. Rb1 c6 10. dxe5 dxe5 11. h3 Qe7 12. Qc2 Nh5 13. Na4 Nf4 14. Rfd1 Nxe2+ 15. Qxe2 f5 16. Qc2 f4 17. Bb6 Nxb6 18. Nxb6 Rb8 19. Nxc8 Rbxc8 1/2-1/2

[Event "HUN-chT2 Maroczy 1819"]
[Site "Hungary"]
[Date "2018.11.18"]
[Round "4.3"]
[White "Toth, Daniel1"]
[Black "Bogdan, Dan"]
[Result "1/2-1/2"]
[WhiteElo "2239"]
[BlackElo "2366"]
[PlyCount "83"]
[EventDate "2018.09.23"]
[EventType "team-tourn"]
[EventRounds "11"]
[EventCountry "HUN"]
[SourceTitle "EXT 2020"]
[Source "ChessBase"]
[SourceDate "2019.10.17"]
[SourceVersion "1"]
[SourceVersionDate "2019.10.17"]
[SourceQuality "1"]
[WhiteTeam "Penzugyor II"]
[BlackTeam "Kisujszallas"]
[WhiteTeamCountry "HUN"]
[BlackTeamCountry "HUN"]

1. d4 g6 2. c4 Bg7 3. Nf3 d6 4. Nc3 Nd7 5. e4 Ngf6 6. h3 e5 7. dxe5 dxe5 8. Bg5 0-0 9. Qd2 c6 10. Be2 Qe7 11. 0-0 Nc5 12. Rfd1 Re8 13. Qc2 a5 14. b3 h6 15. Be3 Nh5 16. Rac1 Nf4 17. Bf1 Kh7 18. Qd2 Nfe6 19. Qd6 Qxd6 20. Rxd6 Kg8 21. Rcd1 f6 22. R6d2 Kf7 23. Ne1 Bf8 24. Be2 h5 25. h4 Be7 26. g3 Nf8 27. Nd3 Nfe6 28. Nb2 Rb8 29. Kf1 Bf8 30. Kg2 b6 31. Nd3 Nxd3 32. Rxd3 Nc5 33. R3d2 Be6 34. f3 Be7 35. Kf2 Rb7 36. Bf1 Rc8 37. Be2 Rcc7 38. Bf1 Bc8 39. Be2 Be6 40. Bf1 Bd7 41. Be2 Ne6 42. Na4 1/2-1/2

[Event "Satu Mare Ferroli op"]
[Site "Satu Mare"]
[Date "2018.11.04"]
[Round "9"]
[White "Ardeleanu, Alin"]
[Black "Bogdan, Dan"]
[Result "1/2-1/2"]
[WhiteElo "2317"]
[BlackElo "2360"]
[PlyCount "77"]
[EventDate "2018.10.30"]
[EventType "swiss"]
[EventRounds "9"]
[EventCountry "ROU"]
[SourceTitle "CBM 187 Extra"]
[Source "ChessBase"]
[SourceDate "2018.11.04"]
[SourceVersion "1"]
[SourceVersionDate "2018.11.04"]
[SourceQuality "1"]

1. e4 c6 2. Nc3 d5 3. Qf3 dxe4 4. Nxe4 Nd7 5. d4 Ndf6 6. c3 Nxe4 7. Qxe4 Nf6 8. Qc2 Bg4 9. Ne2 Bh5 10. Nf4 Bg6 11. Qb3 Qb6 12. Bc4 e6 13. Nxg6 hxg6 14. Bf4 Qxb3 15. axb3 a6 16. b4 Rd8 17. Rd1 Bd6 18. Bxd6 Rxd6 19. 0-0 Rd8 20. Rfe1 Kd7 21. f4 Nd5 22. g3 Kd6 23. Bf1 Ra8 24. Ra1 Kc7 25. h4 Rad8 26. Bg2 Nb6 27. Bf1 Nd5 28. Kf2 Ne7 29. Ra5 Nd5 30. Bg2 Nb6 31. Bf1 Nd5 32. Raa1 Ne7 33. Re5 Nf5 34. Bg2 Nd6 35. Bf1 Nf5 36. Rae1 Nd6 37. Ra5 Nf5 38. Rae5 Nd6 39. Bd3 1/2-1/2

[Event "Satu Mare Ferroli op"]
[Site "Satu Mare"]
[Date "2018.10.31"]
[Round "2"]
[White "Bogdan, Dan"]
[Black "Szalanczy, Emil"]
[Result "1-0"]
[WhiteElo "2360"]
[BlackElo "2190"]
[PlyCount "97"]
[EventDate "2018.10.30"]
[EventType "swiss"]
[EventRounds "9"]
[EventCountry "ROU"]
[SourceTitle "CBM 187 Extra"]
[Source "ChessBase"]
[SourceDate "2018.11.04"]
[SourceVersion "1"]
[SourceVersionDate "2018.11.04"]
[SourceQuality "1"]

1. c4 c5 2. g3 Nf6 3. Bg2 g6 4. Nc3 Bg7 5. a3 Nc6 6. Rb1 0-0 7. b4 cxb4 8. axb4 a5 9. bxa5 Rxa5 10. d3 d6 11. Bd2 Rh5 12. h3 Nd4 13. e3 Nc6 14. Nd5 Nxd5 15. cxd5 Ne5 16. Qb3 g5 17. d4 Ng6 18. Ne2 f5 19. f4 Kh8 20. 0-0 Bf6 21. Ra1 gxf4 22. exf4 Bd7 23. Qxb7 Qe8 24. Ra5 e6 25. dxe6 Bxe6 26. Qf3 Rh6 27. d5 Bg8 28. Bc3 Ne7 29. Qd3 Qd8 30. Rb1 Rg6 31. Rb7 Rg7 32. Raa7 h5 33. Bd4 h4 34. Rd7 Qe8 35. Rxd6 Qg6 36. Rxf6 Rxf6 37. Bxf6 Qxf6 38. d6 Bc4 39. dxe7 Bxd3 40. e8Q+ Kh7 41. Qh5+ Qh6 42. Rxg7+ Kxg7 43. Qxh6+ Kxh6 44. Kf2 hxg3+ 45. Nxg3 Kg6 46. Ke3 Bb5 47. Bf1 Bd7 48. Bd3 Kf6 49. Bxf5 1-0

[Event "Satu Mare Ferroli op"]
[Site "Satu Mare"]
[Date "2018.10.30"]
[Round "1"]
[White "Veklinec, Andrei"]
[Black "Bogdan, Dan"]
[Result "0-1"]
[WhiteElo "1953"]
[BlackElo "2360"]
[PlyCount "120"]
[EventDate "2018.10.30"]
[EventType "swiss"]
[EventRounds "9"]
[EventCountry "ROU"]
[SourceTitle "CBM 187 Extra"]
[Source "ChessBase"]
[SourceDate "2018.11.04"]
[SourceVersion "1"]
[SourceVersionDate "2018.11.04"]
[SourceQuality "1"]

1. Nf3 g6 2. g3 Bg7 3. d4 d6 4. c4 Nd7 5. Nc3 e5 6. Bg2 exd4 7. Nxd4 Ne7 8. e3 0-0 9. 0-0 a6 10. Re1 Rb8 11. Qc2 Ne5 12. b3 c5 13. Nf3 Bf5 14. e4 Nxf3+ 15. Bxf3 Be6 16. Bb2 Nc6 17. Bg2 b5 18. cxb5 axb5 19. Qd2 Qa5 20. Rad1 Nd4 21. Ne2 Nxe2+ 22. Rxe2 Qxa2 23. Bxg7 Qxd2 24. Rdxd2 Kxg7 25. Re3 Rfd8 26. f4 Kf8 27. Kf2 Ke7 28. f5 Bd7 29. g4 Rbc8 30. g5 c4 31. f6+ Ke8 32. bxc4 bxc4 33. e5 dxe5 34. Rxe5+ Be6 35. Rxd8+ Kxd8 36. Be4 Kd7 37. Ke3 Kd6 38. Ra5 c3 39. Bc2 Rc5 40. Ra6+ Ke5 41. h4 Rc4 42. Ra5+ Kd6 43. Ra6+ Ke5 44. Ra5+ Bd5 45. Kd3 Rd4+ 46. Ke3 Rxh4 47. Bb3 Rh3+ 48. Ke2 c2 49. Bxc2 Kd4 50. Kd2 Rh2+ 51. Kc1 Rg2 52. Ra4+ Ke5 53. Rh4 Rxg5 54. Rxh7 Rg1+ 55. Kd2 Rg2+ 56. Kc3 Kxf6 57. Bd3 Ke5 58. Rh8 f5 59. Re8+ Kf4 60. Kd4 Bf3 0-1

[Event "Tasnad op"]
[Site "Tasnad"]
[Date "2018.09.16"]
[Round "9"]
[White "Bogdan, Dan"]
[Black "Bargan, Sergei"]
[Result "1-0"]
[WhiteElo "2366"]
[BlackElo "2303"]
[PlyCount "87"]
[EventDate "2018.09.11"]
[EventType "swiss"]
[EventRounds "9"]
[EventCountry "ROU"]
[SourceTitle "CBM 186 Extra"]
[Source "ChessBase"]
[SourceDate "2018.08.24"]
[SourceVersion "1"]
[SourceVersionDate "2018.08.24"]
[SourceQuality "1"]

1. c4 Nf6 2. Nf3 c5 3. g3 d5 4. Bg2 Nc6 5. cxd5 Nxd5 6. Nc3 Nc7 7. 0-0 e5 8. a3 f6 9. d3 Be7 10. Be3 Be6 11. Nd2 Qd7 12. Rc1 Nd4 13. Bxb7 Rb8 14. Bg2 Rxb2 15. Nc4 Rb8 16. Re1 0-0 17. Qa4 Qxa4 18. Nxa4 Nd5 19. Bd2 Nb6 20. Naxb6 axb6 21. a4 Rfd8 22. Bc3 Rd7 23. Rb1 Nc2 24. Rec1 Nb4 25. Ne3 Kf7 26. Bxb4 cxb4 27. Rc6 Ba2 28. Rb2 b3 29. Bd5+ Rxd5 30. Nxd5 Ba3 31. Rd2 b2 32. Nc3 b5 33. axb5 Rxb5 34. Ra6 b1Q+ 35. Nxb1 Rxb1+ 36. Kg2 Bd5+ 37. e4 Bb4 38. Rc2 Bb3 39. Rc7+ Kg6 40. Rb7 Bc5 41. Rc6 Bd4 42. Rcc7 Kh6 43. Rxg7 Bg8 44. Rxh7+ 1-0

[Event "Tasnad op"]
[Site "Tasnad"]
[Date "2018.09.15"]
[Round "7"]
[White "Bogdan, Dan"]
[Black "Petrisor, Adrian Marian"]
[Result "0-1"]
[WhiteElo "2366"]
[BlackElo "2424"]
[PlyCount "42"]
[EventDate "2018.09.11"]
[EventType "swiss"]
[EventRounds "9"]
[EventCountry "ROU"]
[SourceTitle "CBM 186 Extra"]
[Source "ChessBase"]
[SourceDate "2018.08.24"]
[SourceVersion "1"]
[SourceVersionDate "2018.08.24"]
[SourceQuality "1"]

1. e4 e6 2. d4 d5 3. Nd2 a6 4. Ngf3 c5 5. exd5 exd5 6. Be2 Nc6 7. 0-0 Nf6 8. dxc5 Bxc5 9. Nb3 Ba7 10. Nbd4 0-0 11. h3 Qd6 12. Nxc6 bxc6 13. c4 Ne4 14. cxd5 Bxh3 15. Nd4 Qxd5 16. Be3 Bxg2 17. Kxg2 Nc3+ 18. Bf3 Nxd1 19. Bxd5 Nxe3+ 20. fxe3 cxd5 21. Kf3 Bxd4 0-1

[Event "Tasnad op"]
[Site "Tasnad"]
[Date "2018.09.15"]
[Round "8"]
[White "Ceres, Dragos"]
[Black "Bogdan, Dan"]
[Result "0-1"]
[WhiteElo "2258"]
[BlackElo "2366"]
[PlyCount "66"]
[EventDate "2018.09.11"]
[EventType "swiss"]
[EventRounds "9"]
[EventCountry "ROU"]
[SourceTitle "CBM 186 Extra"]
[Source "ChessBase"]
[SourceDate "2018.08.24"]
[SourceVersion "1"]
[SourceVersionDate "2018.08.24"]
[SourceQuality "1"]

1. e4 c5 2. Nf3 g6 3. c3 Bg7 4. d4 cxd4 5. cxd4 d5 6. e5 a6 7. Be2 Nc6 8. 0-0 Bg4 9. Nbd2 e6 10. Nb3 Nge7 11. h3 Bxf3 12. Bxf3 Qb6 13. Be3 Nf5 14. Qd2 0-0 15. Bg4 Nxe3 16. Qxe3 Rac8 17. Rab1 Nb4 18. a3 Nc2 19. Qd3 Rc4 20. Rbd1 Rfc8 21. Be2 Nxa3 22. Nd2 Qxb2 23. Nxc4 dxc4 24. Qe3 c3 25. d5 c2 26. dxe6 cxd1Q 27. exf7+ Kh8 28. Rxd1 Qxe5 29. Qb6 Rf8 30. Rd8 Nb5 31. Bxb5 axb5 32. Rxf8+ Bxf8 33. Qxb7 Qe1+ 0-1

[Event "Tasnad op"]
[Site "Tasnad"]
[Date "2018.09.13"]
[Round "3"]
[White "Casangiu, Paul Horatiu"]
[Black "Bogdan, Dan"]
[Result "0-1"]
[WhiteElo "2012"]
[BlackElo "2366"]
[PlyCount "81"]
[EventDate "2018.09.11"]
[EventType "swiss"]
[EventRounds "9"]
[EventCountry "ROU"]
[SourceTitle "CBM 186 Extra"]
[Source "ChessBase"]
[SourceDate "2018.08.24"]
[SourceVersion "1"]
[SourceVersionDate "2018.08.24"]
[SourceQuality "1"]

1. c4 d6 2. d4 e5 3. dxe5 dxe5 4. Qxd8+ Kxd8 5. Nc3 c6 6. Bg5+ f6 7. Rd1+ Kc7 8. Bd2 Be6 9. e3 Nd7 10. Nf3 Nh6 11. Be2 Nf7 12. 0-0 Be7 13. Rc1 Bg4 14. a3 Rhd8 15. Rfd1 a5 16. h3 Bxf3 17. Bxf3 Nc5 18. Ne4 Nb3 19. Rc3 a4 20. Be1 f5 21. Nd2 Nc5 22. Be2 e4 23. f3 Bf6 24. Bg3+ Kb6 25. Rc2 exf3 26. gxf3 Ng5 27. Kg2 Nge6 28. Bf2 Rd7 29. Rb1 Rad8 30. Nf1 g6 31. Be1 f4 32. Bc3 Bxc3 33. Rxc3 fxe3 34. Rxe3 Nd4 35. Bd1 Nf5 36. Re1 Rd4 37. b3 Nd3 38. bxa4+ Kc7 39. Re4 Nf4+ 40. Kf2 Nxh3+ 41. Kg2 0-1

[Event "Arad op 11th"]
[Site "Arad"]
[Date "2018.08.09"]
[Round "6"]
[White "Bogdan, Dan"]
[Black "Ciorgovean, Iustin"]
[Result "1-0"]
[WhiteElo "2382"]
[BlackElo "2245"]
[PlyCount "51"]
[EventDate "2018.08.05"]
[EventType "swiss"]
[EventRounds "9"]
[EventCountry "ROU"]
[SourceTitle "CBM 185 Extra"]
[Source "ChessBase"]
[SourceDate "2018.07.29"]
[SourceVersion "1"]
[SourceVersionDate "2018.07.29"]
[SourceQuality "1"]

1. c4 Nf6 2. Nf3 g6 3. g3 Bg7 4. Bg2 0-0 5. 0-0 d6 6. d4 Nc6 7. Nc3 a6 8. h3 Bf5 9. Kh2 Ne4 10. Nd5 Bd7 11. Be3 f5 12. Rc1 Kh8 13. Nc3 Nf6 14. d5 Na5 15. c5 Nc4 16. Bd4 e5 17. dxe6 Bxe6 18. b3 Na5 19. cxd6 Qxd6 20. Na4 Rad8 21. Qc2 Rf7 22. Rfd1 Bd5 23. Bc5 Qc6 24. Ne5 Ng4+ 25. Nxg4 fxg4 26. e4 1-0